Представление документа в формате MARC21

Поле Инд. ПП Название Значение
Тип записи a
Библиографический уровень a
001 Контрольный номер 48b6ed35c4c246b9b79faa65f704aaeb
005 Дата корректировки 20160831114307.2
020 a ISBN 978-5-98704-370-0
040 a Служба первич. каталог. НБ ТвГУ
b Код языка каталог. rus
e Правила каталог. PSBO
041 0_ a Код языка текста rus
097 b Оператор batjaeva_g
100 1_ a Автор Юревич Андрей Владиславович
q Полное имя Юревич А. В.
245 10 a Заглавие Глобализационные процессы в современной российской науке
260 a Место издания Москва
b Издательство Логос
504 a Библиография Библиогр.: с. 90-91 (24 назв.)
520 0_ a Аннотация У социогуманитарной науки любого времени есть свои излюбленные термины, по веренице которых можно проследить ее историю. На процесс глобализации современной российской науки можно спроецировать основные понятия глобализации вообще.
653 0_ a Ключевые слова Глобализация
a Ключевые слова Глобализационные процессы
a Ключевые слова Современная российская наука
a Ключевые слова Отечественная наука
700 12 a Другие авторы Цапенко Ирина Павловна
q Полное имя Цапенко И. П.
773 18 w Контрольный № источника RU/IS/BASE/317462566
t Название источника Наука в условиях глобализации
d Место и дата издания Москва : Логос, 2009
g Прочая информация С. 74-91
901 t Тип документа a
920 a Оператор Батя